Statistics for No Shortcuts - Asia- Two Minutes

Click here to take the quiz!

General Stats

  • This quiz has been taken 17 times
  • The average score is 39 of 48

Answers on the Map

Answers color-coded by a green-red scale on the quiz's map according to % correct below.
 

Answer Stats

Answer% Correct
China
94%
India
94%
Iran
94%
Japan
94%
Mongolia
94%
Pakistan
94%
Turkey
94%
Bhutan
88%
Cyprus
88%
Indonesia
88%
Israel
88%
Laos
88%
Myanmar
88%
Nepal
88%
North Korea
88%
South Korea
88%
Vietnam
88%
Afghanistan
81%
Armenia
81%
Bangladesh
81%
Georgia
81%
Iraq
81%
Jordan
81%
Lebanon
81%
Malaysia
81%
Maldives
81%
Oman
81%
Singapore
81%
Sri Lanka
81%
Thailand
81%
Turkmenistan
81%
Uzbekistan
81%
Yemen
81%
Cambodia
75%
Kazakhstan
75%
Kuwait
75%
Saudi Arabia
75%
Syria
75%
Tajikistan
75%
United Arab Emirates
75%
Azerbaijan
69%
Brunei
69%
East-Timor
69%
Philippines
69%
Qatar
69%
Taiwan
69%
Bahrain
63%
Kyrgyzstan
56%

Score Distribution

Percentile by Number Answered

Percent of People with Each Score

Your Score History

You have not taken this quiz